| 000 | 00341nam a2200133Ia 4500 | ||
|---|---|---|---|
| 008 | 240624s9999 xx 000 0 und d | ||
| 041 | _aeng | ||
| 082 | _a658.452 GAL | ||
| 100 | _aGALLO CARMINE | ||
| 245 | _aPRESENTATION SECRETS OF STEVE | ||
| 260 |
_c2015 _aNew Delhi _bTata McGraw-Hill |
||
| 300 | _a238 : p. : cm. ; 24 | ||
| 365 |
_cRS _b33 |
||
| 999 |
_c25896 _d25896 |
||